000 00246nam a22001217a 4500
003 SGT
082 _a823
_bMEY
100 _aMEYER STEPHENIE
245 _aBREAKING DAWN
260 _aLONDON
_bATOM PUB
_c2008
300 _a701
942 _2ddc
_cBK
999 _c33686
_d33686